[Event "Titled Tue 20th May Late"]
[Site "chess.com INT"]
[Date "2025.05.20"]
[Round "9"]
[White "Pakleza, Zbigniew"]
[Black "Tologon tegin, Semetei"]
[Result "0-1"]
[WhiteTitle "GM"]
[BlackTitle "IM"]
[WhiteElo "2484"]
[BlackElo "2313"]
[WhiteFideId "1119290"]
[BlackFideId "13800574"]
[EventDate "2025.05.20"]

1. d4 g6 2. Nf3 Bg7 3. Bf4 e6 4. e3 Ne7 5. Be2 O-O 6. h3 b6 7. O-O Bb7 8. Nbd2
d6 9. Bh2 Nd7 10. c3 e5 11. a4 a6 12. Nc4 exd4 13. cxd4 Nd5 14. Qb3 a5 15. Rac1
N7f6 16. Na3 Nb4 17. Nb5 Ne8 18. Nd2 Bd5 19. Bc4 Bb7 20. Rc3 Qg5 21. Bg3 Rd8 22.
Be2 Bd5 23. Qd1 c6 24. Na3 f5 25. Nac4 Rb8 26. Nxd6 Nxd6 27. Nf3 Qe7 28. Rc1
Rbc8 29. Ne5 Ne4 30. Bh2 Nf6 31. Nc4 Bxc4 32. Bxc4+ Nfd5 33. Qb3 Kh8 34. Rfd1 f4
35. Re1 fxe3 36. fxe3 Qe4 37. Bd6 Rfe8 38. Bg3 h5 39. Bf2 Bh6 40. Re2 Rf8 41.
Rce1 Rf6 42. Bh4 Qxh4 43. e4 Nf4 0-1

[Event "Titled Tue 20th May Late"]
[Site "chess.com INT"]
[Date "2025.05.20"]
[Round "9"]
[White "Hoeffer, David"]
[Black "Cori Quispe, Kevin Joel"]
[Result "1-0"]
[WhiteTitle "FM"]
[BlackTitle "GM"]
[WhiteElo "2295"]
[BlackElo "2464"]
[WhiteFideId "24606766"]
[BlackFideId "3814017"]
[EventDate "2025.05.20"]

1. d4 Nf6 2. Nc3 d5 3. Bf4 e6 4. Nb5 Bb4+ 5. c3 Ba5 6. a4 a6 7. b4 axb5 8. axb5
Ne4 9. Rxa5 Rxa5 10. bxa5 Nd7 11. e3 O-O 12. Nf3 c6 13. b6 Qe7 14. Qa1 f6 15.
Be2 e5 16. Bg3 exd4 17. Nxd4 Ne5 18. O-O Nxg3 19. hxg3 Bg4 20. Qd1 f5 21. f3 Bh5
22. Kf2 c5 23. Nb5 Bf7 24. Nc7 Rd8 25. Qa4 Nc4 26. Bxc4 dxc4 27. Re1 h5 28. Qc2
Qf6 29. Rh1 Rd3 30. Rc1 Qe5 31. Qe2 h4 32. gxh4 f4 33. exf4 Qxf4 34. Re1 Rd2 35.
g3 Rxe2+ 36. Rxe2 Qd6 37. Rb2 1-0

[Event "Titled Tue 20th May Late"]
[Site "chess.com INT"]
[Date "2025.05.20"]
[Round "9"]
[White "Jovic, Stanoje"]
[Black "Shuvalov, Evgenij"]
[Result "1-0"]
[WhiteTitle "FM"]
[WhiteElo "2096"]
[BlackElo "1986"]
[WhiteFideId "905020"]
[BlackFideId "4187237"]
[EventDate "2025.05.20"]

1. c4 Nf6 2. g3 c6 3. Bg2 d5 4. cxd5 cxd5 5. Nf3 g6 6. O-O Bg7 7. d4 O-O 8. Ne5
Nc6 9. f4 Bf5 10. Nc3 Qb6 11. e3 Rfd8 12. b3 Rac8 13. Bd2 Ne4 14. Nxe4 Bxe4 15.
Bxe4 dxe4 16. Nxc6 Rxc6 17. f5 Rdc8 18. Rc1 Qa6 19. Rxc6 Rxc6 20. Bb4 Bf6 21. a4
Qd3 22. Qxd3 exd3 23. a5 Bg5 24. Kf2 Rc2+ 25. Kf3 Rxh2 26. fxg6 hxg6 27. Rd1 e6
28. Rxd3 Rb2 29. Bc5 a6 30. b4 Rc2 31. d5 exd5 32. Rxd5 Rc3 33. Rxg5 Kh7 34. Rd5
Kh6 35. Rd7 f5 36. Rxb7 g5 37. Bf8+ Kh5 38. Rh7+ Kg6 39. Rh6+ Kf7 40. Bc5 Rc2
41. g4 fxg4+ 42. Kxg4 Rg2+ 43. Kf3 Rg1 44. Rxa6 Rf1+ 45. Kg2 Rb1 46. Rc6 Ra1 47.
a6 Ra2+ 48. Kg3 Ra1 49. a7 Rg1+ 50. Kf2 Ra1 51. Rc8 1-0

[Event "Titled Tue 20th May Late"]
[Site "chess.com INT"]
[Date "2025.05.20"]
[Round "9"]
[White "Velikanov, Alexander"]
[Black "Kosakowski, Jakub"]
[Result "0-1"]
[WhiteTitle "IM"]
[BlackTitle "GM"]
[WhiteElo "2372"]
[BlackElo "2530"]
[WhiteFideId "2039290"]
[BlackFideId "1185080"]
[EventDate "2025.05.20"]

1. e4 e6 2. d4 d5 3. exd5 exd5 4. Nf3 Bd6 5. c4 dxc4 6. Bxc4 Nf6 7. O-O O-O 8.
Bg5 h6 9. Bh4 Bg4 10. h3 Bh5 11. g4 Bg6 12. Ne5 Bh7 13. Nc3 Nc6 14. f4 Be7 15.
Nxf7 Rxf7 16. g5 Ne4 17. Bxf7+ Kxf7 18. g6+ Bxg6 19. f5 Bh7 20. Bxe7 Qxe7 21.
Qb3+ Kf8 22. f6 Nxf6 23. Nd5 Qd6 24. Rae1 Bg8 25. Nxf6 gxf6 26. Qe3 Qxd4 27.
Qxd4 Nxd4 28. Rxf6+ Kg7 29. Rf4 c5 30. Re7+ Kg6 31. Rxb7 Ne2+ 32. Kf2 Nxf4 33.
Rc7 Rf8 0-1

[Event "Titled Tue 20th May Late"]
[Site "chess.com INT"]
[Date "2025.05.20"]
[Round "9"]
[White "Vykouk, Jan"]
[Black "Drygalov, Andrey"]
[Result "0-1"]
[WhiteTitle "IM"]
[BlackTitle "GM"]
[WhiteElo "2496"]
[BlackElo "2431"]
[WhiteFideId "349658"]
[BlackFideId "24171735"]
[EventDate "2025.05.20"]

1. e4 c5 2. Nf3 d6 3. d4 cxd4 4. Nxd4 Nf6 5. Nc3 a6 6. Bg5 e6 7. Qe2 Be7 8. h4
h6 9. Bd2 Nc6 10. Nxc6 bxc6 11. O-O-O e5 12. f3 Be6 13. g4 Qb6 14. Be3 Qb7 15.
Rg1 g6 16. Kb1 h5 17. g5 Nd7 18. Qd2 a5 19. Na4 Qb4 20. b3 Rb8 21. Qxb4 axb4 22.
Nb2 d5 23. Nd3 O-O 24. Bg2 d4 25. Bd2 c5 26. f4 c4 27. Nxe5 Nxe5 28. fxe5 d3 29.
bxc4 dxc2+ 30. Kxc2 Bxc4 31. Bf4 Ra8 32. e6 Rxa2+ 33. Kb1 Bxe6 34. Be5 b3 35.
Bb2 Ba3 36. Bxa3 Rxa3 37. e5 Ra2 38. Be4 Rfa8 39. Bxa8 Bf5+ 40. Kc1 b2+ 0-1

[Event "Titled Tue 20th May Late"]
[Site "chess.com INT"]
[Date "2025.05.20"]
[Round "9"]
[White "Alazmi, Amani"]
[Black "Hiermann, Dietmar"]
[Result "1-0"]
[WhiteTitle "WCM"]
[BlackTitle "FM"]
[WhiteElo "1725"]
[BlackElo "2216"]
[WhiteFideId "10303553"]
[BlackFideId "1602918"]
[EventDate "2025.05.20"]

1. c4 e5 2. g3 Nf6 3. Bg2 d5 4. cxd5 Nxd5 5. Nc3 Be6 6. Nf3 Nd7 7. O-O c6 8. d3
Be7 9. Ne4 h6 10. Bd2 O-O 11. Qc1 Kh7 12. Qd1 f5 13. Nc3 Bf6 14. Rc1 Qe7 15. a3
Rad8 16. Nxd5 cxd5 17. Bb4 Qf7 18. Bxf8 Qxf8 19. Qa4 a6 20. Rc7 e4 21. Nd4 Qd6
22. Nxe6 Qxe6 23. Qb3 b5 24. Rfc1 Ne5 25. dxe4 fxe4 26. Bxe4+ Kh8 27. Bg2 Qf5
28. Qc2 Qe6 29. Rc8 Nc4 30. Rxd8+ Bxd8 31. a4 Bf6 32. b3 Na3 33. Qc8+ Qxc8 34.
Rxc8+ Kh7 35. axb5 axb5 36. Bxd5 b4 37. Be4+ g6 38. Rc6 Kg7 39. Rb6 Nc2 40. Bxc2 1-0

[Event "Titled Tue 20th May Late"]
[Site "chess.com INT"]
[Date "2025.05.20"]
[Round "9"]
[White "Zavortink, Matt"]
[Black "Distaso, Antonio Pio"]
[Result "1-0"]
[WhiteElo "2135"]
[BlackElo "2253"]
[WhiteFideId "2034263"]
[BlackFideId "805548"]
[EventDate "2025.05.20"]

1. e4 c5 2. Nf3 e6 3. d4 cxd4 4. Nxd4 Nc6 5. Nc3 Qc7 6. Be3 a6 7. Qf3 Nf6 8.
O-O-O Ne5 9. Qg3 b5 10. Bxb5 axb5 11. Ndxb5 Qb8 12. Bf4 d6 13. Rxd6 Nh5 14. Qg5
Bxd6 15. Nxd6+ Qxd6 16. Bxe5 Ra5 17. Nd5 Qd7 18. Bxg7 Rg8 19. Qxh5 exd5 20. Qxh7
Rxg7 21. Qxg7 Rxa2 22. Qe5+ Kf8 23. Qh8+ Ke7 24. Qe5+ Kd8 25. Kb1 Ra5 26. Rd1
Bb7 27. Qb8+ Ke7 28. exd5 Qa4 29. Qxb7+ Kf8 30. Qc8+ Kg7 31. Qc3+ f6 32. Qg3+
Kf7 33. Qa3 Qb5 34. Qb3 Qa6 35. d6+ Kg7 36. c4 Ra1+ 37. Kc2 1-0

[Event "Titled Tue 20th May Late"]
[Site "chess.com INT"]
[Date "2025.05.20"]
[Round "9"]
[White "Shandrygin, Nikita"]
[Black "Bogaudinov, Rushan"]
[Result "1-0"]
[WhiteTitle "FM"]
[BlackTitle "FM"]
[WhiteElo "2209"]
[BlackElo "1912"]
[WhiteFideId "24198668"]
[BlackFideId "4129288"]
[EventDate "2025.05.20"]

1. e4 c5 2. b4 cxb4 3. a3 bxa3 4. d4 e6 5. Nf3 Nf6 6. Bd3 d5 7. e5 Ne4 8. O-O
Nc6 9. c3 Be7 10. Nfd2 Nxd2 11. Bxd2 O-O 12. Nxa3 f5 13. exf6 Bxf6 14. f4 Bd7
15. Nc2 a5 16. Ne3 Qc7 17. Rf3 Ne7 18. g4 g6 19. Kh1 Bg7 20. h4 b5 21. h5 b4 22.
hxg6 hxg6 23. Rc1 bxc3 24. Rxc3 Qd6 25. Nc2 Ba4 26. Qe2 Bxc2 27. Bxc2 Bxd4 28.
Rcd3 Bg7 29. Rde3 Ra6 30. Bd3 Rc6 31. Bxa5 Rxf4 32. Rxf4 Qxf4 33. Rxe6 Rc1+ 34.
Kg2 Nf5 35. Bxf5 gxf5 36. Bd2 Qc4 37. Bxc1 Qxc1 38. Re8+ Kh7 39. Qd3 1-0

[Event "Titled Tue 20th May Late"]
[Site "chess.com INT"]
[Date "2025.05.20"]
[Round "9"]
[White "Kjaergaard-Jensen, Jesper"]
[Black "Sailer, Mike"]
[Result "1-0"]
[WhiteTitle "CM"]
[WhiteElo "2081"]
[BlackElo "2108"]
[WhiteFideId "1406990"]
[BlackFideId "2012901"]
[EventDate "2025.05.20"]

1. d4 d5 2. Nf3 Nf6 3. c3 Bf5 4. Bg5 e6 5. Nbd2 Bd6 6. Nh4 Bg4 7. h3 Bh5 8. g4
Bg6 9. Nxg6 hxg6 10. e4 dxe4 11. Nxe4 Be7 12. Bxf6 gxf6 13. Qf3 Nd7 14. O-O-O c6
15. Qg3 Nb6 16. Nc5 Bd6 17. Qf3 Qe7 18. Ne4 f5 19. gxf5 gxf5 20. Nxd6+ Qxd6 21.
c4 O-O-O 22. Qc3 Nd7 23. d5 Kb8 24. dxc6 Qxc6 25. Be2 Nc5 26. Bf3 Ne4 27. Qe5+
Ka8 28. Bxe4 Qxe4 29. Qxe4 fxe4 30. Rxd8+ Rxd8 31. h4 Rh8 32. h5 Rh6 33. Kd2 Kb8
34. Ke3 f5 35. Kf4 Kc7 36. Kg5 Rh8 37. h6 Kd6 38. Kf6 f4 39. Rd1+ Kc6 40. Kg7
Re8 41. h7 e5 42. h8=Q Rxh8 43. Kxh8 Kc5 44. b3 e3 45. fxe3 fxe3 46. Rd5+ 1-0

[Event "Titled Tue 20th May Late"]
[Site "chess.com INT"]
[Date "2025.05.20"]
[Round "9"]
[White "Sanhueza, Cristian"]
[Black "Ragger, Markus"]
[Result "1-0"]
[WhiteTitle "FM"]
[BlackTitle "GM"]
[WhiteElo "2182"]
[BlackElo "2566"]
[WhiteFideId "116815"]
[BlackFideId "1610856"]
[EventDate "2025.05.20"]

1. e4 e5 2. Nf3 Nc6 3. Bb5 a6 4. Ba4 Bc5 5. O-O Nge7 6. c3 Ng6 7. d4 Ba7 8. Be3
O-O 9. d5 Nce7 10. d6 cxd6 11. Qxd6 Bb8 12. Qd1 d5 13. Bb3 dxe4 14. Ng5 Qxd1 15.
Rxd1 Bc7 16. Nxe4 Bf5 17. Nd6 Bxd6 18. Rxd6 Rfd8 19. Rxd8+ Rxd8 20. Nd2 Nd5 21.
Bc5 Nxc3 22. Nf3 Ne2+ 23. Kh1 Nef4 24. Ng5 Be6 25. Nxe6 Nxe6 26. Be3 Nd4 27. Bd1
Kf8 28. Rc1 Ne7 29. Kg1 Nec6 30. f3 f6 31. Ba4 Ke7 32. Kf2 Ke6 33. Bd1 1-0

[Event "Titled Tue 20th May Late"]
[Site "chess.com INT"]
[Date "2025.05.20"]
[Round "9"]
[White "Khodabandeh, Milad"]
[Black "Peatman, Carter"]
[Result "1-0"]
[WhiteTitle "CM"]
[WhiteElo "1957"]
[BlackElo "2082"]
[WhiteFideId "12538620"]
[BlackFideId "2096480"]
[EventDate "2025.05.20"]

1. e4 e5 2. Nf3 Nf6 3. Nxe5 d6 4. Nf3 Nxe4 5. Nc3 Nf6 6. d4 d5 7. h3 Be7 8. Bd3
O-O 9. O-O c6 10. Bf4 Re8 11. Re1 Nbd7 12. Qd2 Nf8 13. Ne5 Ne6 14. Bh2 g6 15.
Ne2 Ng7 16. c4 Bf5 17. Rac1 Bxd3 18. Qxd3 dxc4 19. Nxc4 Ne6 20. Be5 Nd7 21. Red1
Nb6 22. Nc3 Bg5 23. Rc2 Nxc4 24. Qxc4 Ng7 25. f4 Bh4 26. Ne4 Nf5 27. Qb3 a5 28.
a4 Qe7 29. g3 Rad8 30. gxh4 Nxh4 31. Nf6+ Kf8 32. Nxe8 Nf3+ 33. Qxf3 Kxe8 34. d5
Kf8 35. d6 Qe6 36. Qg4 Qb3 37. Rcd2 h5 38. Qg5 Rd7 39. Qh6+ Ke8 40. Qh8# 1-0

[Event "Titled Tue 20th May Late"]
[Site "chess.com INT"]
[Date "2025.05.20"]
[Round "9"]
[White "Amburgy, Ryan"]
[Black "Burmakin, Vladimir"]
[Result "1-0"]
[WhiteTitle "FM"]
[BlackTitle "GM"]
[WhiteElo "2309"]
[BlackElo "2435"]
[WhiteFideId "30924820"]
[BlackFideId "4105109"]
[EventDate "2025.05.20"]

1. Nf3 d5 2. d4 c6 3. c4 Nf6 4. Nc3 a6 5. e3 b5 6. b3 Bf5 7. Ne5 h6 8. g4 Be4 9.
Nxe4 Nxe4 10. Bd3 Nf6 11. Qf3 e6 12. c5 Qc7 13. Qg3 Nbd7 14. f4 Nxe5 15. fxe5
Nd7 16. a4 bxa4 17. Rxa4 Be7 18. Bd2 Bxc5 19. g5 Bf8 20. O-O hxg5 21. Qxg5 f6
22. Qg6+ Kd8 23. Ba5 Nb6 24. Rxf6 gxf6 25. Qxf6+ Kd7 26. Qxh8 Rb8 27. Qh7+ Be7
28. Bb4 Qd8 29. Rxa6 Rb7 30. Qxe7+ Qxe7 31. Bxe7 Kxe7 32. Kf2 Nd7 33. Rxc6 Rxb3
34. Be2 Nf8 35. h4 Ng6 36. h5 Nh4 37. Bg4 1-0

[Event "Titled Tue 20th May Late"]
[Site "chess.com INT"]
[Date "2025.05.20"]
[Round "9"]
[White "Zhou, Abigail"]
[Black "Onur, Cigdem"]
[Result "1-0"]
[WhiteTitle "WCM"]
[BlackTitle "WCM"]
[WhiteElo "1744"]
[BlackElo "1966"]
[WhiteFideId "39922081"]
[BlackFideId "6346030"]
[EventDate "2025.05.20"]

1. e4 c5 2. Nf3 Nc6 3. d4 cxd4 4. Nxd4 Nf6 5. Nc3 e5 6. Ndb5 d6 7. Bg5 a6 8. Na3
b5 9. Nd5 Be7 10. Nxe7 Nxe7 11. Bxf6 gxf6 12. c4 b4 13. Nc2 a5 14. Qf3 f5 15.
exf5 Bxf5 16. Ne3 Bg6 17. Qf6 O-O 18. Qf3 e4 19. Qg3 d5 20. O-O-O Qb6 21. cxd5
b3 22. a3 Qc5+ 23. Kb1 Nf5 24. Qg4 Nxe3 25. fxe3 Qxe3 26. Bc4 Qc5 27. Rc1 Rac8
28. Bxb3 e3+ 29. Ka2 Qxc1 30. Rxc1 Rxc1 31. h4 h5 32. Qg5 Kh7 33. Qxe3 Rfc8 34.
Ba4 Bb1+ 35. Kb3 Bc2+ 36. Ka2 Bxa4 37. Qe4+ Kg8 38. Qxa4 R8c2 39. Qxa5 Rxg2 40.
Qd8+ Kg7 41. d6 Rcc2 42. Qb6 Kf6 43. d7+ Ke7 44. d8=Q# 1-0

[Event "Titled Tue 20th May Late"]
[Site "chess.com INT"]
[Date "2025.05.20"]
[Round "9"]
[White "Montano Vicente, Guadalupe"]
[Black "Sobek, Jaroslav"]
[Result "1-0"]
[BlackTitle "FM"]
[WhiteElo "1940"]
[BlackElo "2195"]
[WhiteFideId "5181399"]
[BlackFideId "301388"]
[EventDate "2025.05.20"]

1. d4 Nf6 2. c4 e5 3. dxe5 Ng4 4. e3 Nxe5 5. f4 Ng6 6. Nf3 Bc5 7. Bd3 Nc6 8. a3
a5 9. Nc3 d6 10. Nd5 O-O 11. O-O Nce7 12. Kh1 Nxd5 13. cxd5 Re8 14. e4 Nh4 15.
h3 Qf6 16. Rb1 a4 17. Bd2 b6 18. Nxh4 Qxh4 19. Qf3 Bd7 20. Bc3 f6 21. Be1 Qh6
22. Bg3 Re7 23. Rbe1 Rae8 24. Re2 Rd8 25. f5 Rde8 26. Bf4 Qh4 27. Kh2 Bd4 28. g3
Qxf4 29. gxf4 Rf8 30. Rg2 Rff7 31. Re1 Kf8 32. Ree2 Kg8 33. Rg3 Kf8 34. Reg2 Kg8
35. Qh5 h6 36. Kh1 Kf8 37. Qg6 Be8 38. Qh7 Rd7 39. Qh8+ Ke7 40. Rxg7 Kd8 41.
Rxf7 Rxf7 42. Rg8 Re7 43. Qxh6 Bxb2 44. Qf8 Bxa3 45. Bb5 1-0

[Event "Titled Tue 20th May Late"]
[Site "chess.com INT"]
[Date "2025.05.20"]
[Round "9"]
[White "Fernandes, Rogerio Paulo Muller"]
[Black "Winkels, Marcel"]
[Result "1-0"]
[BlackTitle "CM"]
[WhiteElo "2241"]
[BlackElo "1918"]
[WhiteFideId "2101599"]
[BlackFideId "1003887"]
[EventDate "2025.05.20"]

1. c4 e5 2. g3 Nc6 3. Bg2 Bc5 4. Nf3 d6 5. O-O Nge7 6. Nc3 h5 7. d3 a5 8. a3 Be6
9. Rb1 Qd7 10. Ng5 Bf5 11. e4 Bg4 12. Bf3 Bxf3 13. Nxf3 f6 14. h4 O-O-O 15. Kg2
Rdg8 16. b4 axb4 17. axb4 Bd4 18. Nd5 g5 19. b5 Nd8 20. Nxf6 Qe6 21. Nxg8 Rxg8
22. Nxg5 Qf6 23. Qxh5 Kb8 24. Be3 Ne6 25. Nxe6 Qxe6 26. Bxd4 exd4 27. b6 Ng6 28.
Kh2 Ne5 29. bxc7+ Kc8 30. Qf5 Qxf5 31. exf5 Nxd3 32. Kh3 Nc5 33. Rbd1 d3 34. g4
Kxc7 35. f6 Ne4 36. Rxd3 Nxf6 37. g5 Nh5 38. f4 Rf8 39. f5 Re8 40. Kg4 Ng7 41.
f6 Re4+ 42. Kg3 Ne6 43. f7 Nf8 44. Rff3 d5 45. cxd5 b5 46. Rde3 Rd4 47. Re8 b4
48. Rxf8 Rxd5 49. Re8 1-0

[Event "Titled Tue 20th May Late"]
[Site "chess.com INT"]
[Date "2025.05.20"]
[Round "9"]
[White "Eswaran, Ashritha"]
[Black "Bian, Alex"]
[Result "0-1"]
[WhiteTitle "FM"]
[BlackTitle "FM"]
[WhiteElo "2236"]
[BlackElo "2342"]
[WhiteFideId "2080788"]
[BlackFideId "2056372"]
[EventDate "2025.05.20"]

1. e4 c5 2. Nf3 Nc6 3. d4 cxd4 4. Nxd4 g6 5. c4 Nf6 6. Nc3 d6 7. h3 Nxd4 8. Qxd4
Bg7 9. Be3 O-O 10. Qd2 Be6 11. Bd3 Qa5 12. O-O Rfc8 13. b3 Ng4 14. hxg4 Bxc3 15.
Qe2 Bxa1 16. Rxa1 a6 17. Bd2 Qe5 18. Rc1 b5 19. Bc3 Qg5 20. Bb2 Qxg4 21. f3 Qg5
22. e5 dxe5 23. c5 f6 24. Be4 Ra7 25. b4 Bc4 26. Rxc4 bxc4 27. Qxc4+ Kg7 28. a4
Rd7 29. Bc3 Rd1+ 30. Kf2 Rcd8 31. c6 Qh4+ 32. Ke3 Qh1 33. f4 exf4+ 34. Kxf4 Rf1+
35. Kg3 h5 36. Bxg6 h4+ 37. Qxh4 Qxh4+ 38. Kxh4 Kxg6 39. b5 axb5 40. axb5 Rb1
41. Ba5 Rd4+ 42. g4 Rxb5 43. c7 Rc5 44. Bb6 Rxc7 45. Bxd4 Rc4 46. Bf2 f5 47. Kh3
Rxg4 48. Bg3 e5 49. Bxe5 Kg5 50. Bd6 Rc4 51. Be7+ Kh5 52. Kg3 Re4 53. Kf3 Rxe7
54. Kf4 Kg6 0-1

[Event "Titled Tue 20th May Late"]
[Site "chess.com INT"]
[Date "2025.05.20"]
[Round "9"]
[White "Mishra, Abhimanyu"]
[Black "Drozdowski, Kacper"]
[Result "0-1"]
[WhiteTitle "GM"]
[BlackTitle "IM"]
[WhiteElo "2605"]
[BlackElo "2450"]
[WhiteFideId "30920019"]
[BlackFideId "1136720"]
[EventDate "2025.05.20"]

1. e4 Nf6 2. e5 Nd5 3. d4 d6 4. Nf3 Bg4 5. Be2 c6 6. O-O Bxf3 7. Bxf3 dxe5 8.
dxe5 e6 9. Qe2 Nd7 10. c4 Ne7 11. b3 Ng6 12. Bb2 Be7 13. g3 Ndxe5 14. Bg2 O-O
15. Rd1 Qc7 16. h4 Bf6 17. h5 Ne7 18. h6 Rad8 19. Nd2 Nd7 20. hxg7 Bxg7 21. Bxg7
Kxg7 22. Ne4 Ng6 23. f4 Nf6 24. Qb2 e5 25. Nxf6 Kxf6 26. Rxd8 Rxd8 27. Re1 Qb6+
28. Kh1 Qd4 29. fxe5+ Nxe5 30. Qe2 Ng6 31. Rf1+ Kg7 32. Qf3 Rd7 33. Qf5 Re7 34.
Kh2 Qe5 35. Qf3 h5 36. Kh1 h4 37. gxh4 Nxh4 38. Qg4+ Ng6 39. b4 Re8 40. Bh3 Rh8
41. Qf3 Qe6 42. Kh2 Qe5+ 43. Kh1 f5 44. Kg1 Qd4+ 45. Rf2 Rh4 46. Bxf5 Rf4 47.
Qg3 Rxf5 48. Qc7+ Kf6 0-1

[Event "Titled Tue 20th May Late"]
[Site "chess.com INT"]
[Date "2025.05.20"]
[Round "9"]
[White "Harish, Neeraj"]
[Black "Danzer, George"]
[Result "1/2-1/2"]
[WhiteTitle "CM"]
[BlackTitle "CM"]
[WhiteElo "2192"]
[BlackElo "2172"]
[WhiteFideId "30958130"]
[BlackFideId "4659465"]
[EventDate "2025.05.20"]

1. c4 Nf6 2. g3 e6 3. Bg2 d5 4. Nf3 dxc4 5. Qa4+ Nbd7 6. Qxc4 Be7 7. O-O O-O 8.
Qc2 c5 9. Nc3 Nd5 10. Nxd5 exd5 11. d4 b6 12. b3 Bb7 13. Bb2 Rc8 14. Qd2 Re8 15.
dxc5 bxc5 16. Rac1 Qb6 17. e3 Nf6 18. Rfd1 Ne4 19. Qc2 Bf6 20. Bxf6 Nxf6 21. Qf5
Rcd8 22. h4 h6 23. Qc2 Rc8 24. Ne1 d4 25. exd4 cxd4 26. Qd3 Bxg2 27. Nxg2 Rcd8
28. Rc4 Qa5 29. Rxd4 Rxd4 30. Qxd4 Qxa2 31. Qd3 Re2 32. Rf1 Rb2 33. Nf4 Qxb3 34.
Qd8+ Kh7 35. Qc8 Qb5 36. Qc7 Rb1 37. Rxb1 Qxb1+ 38. Kg2 Qe4+ 39. Kg1 Qe1+ 40.
Kg2 Qe4+ 41. Kg1 Qe1+ 42. Kg2 Qe4+ 1/2-1/2

[Event "Titled Tue 20th May Late"]
[Site "chess.com INT"]
[Date "2025.05.20"]
[Round "9"]
[White "Alvarado, Carlos"]
[Black "Mata Gonzalez, Jose Fernando"]
[Result "0-1"]
[WhiteTitle "CM"]
[BlackTitle "CM"]
[WhiteElo "2032"]
[BlackElo "2164"]
[WhiteFideId "3800555"]
[BlackFideId "5107423"]
[EventDate "2025.05.20"]

1. Nf3 Nf6 2. d4 d5 3. c4 c6 4. e3 g6 5. Nc3 Bg7 6. h3 O-O 7. Qb3 dxc4 8. Bxc4
b5 9. Be2 Be6 10. Qc2 Nbd7 11. Ng5 Rc8 12. Nxe6 fxe6 13. Qb3 Kh8 14. Qxe6 b4 15.
Ne4 Nxe4 16. Qxe4 c5 17. O-O c4 18. a3 b3 19. Bd2 Nf6 20. Qb7 Rc7 21. Qa6 Qc8
22. Qxc8 Rfxc8 23. f3 Nd5 24. Kf2 e5 25. e4 Nb6 26. d5 Bf8 27. a4 Bc5+ 28. Be3
Bxe3+ 29. Kxe3 c3 30. a5 cxb2 31. axb6 bxa1=Q 32. Rxa1 Rc3+ 33. Kf2 axb6 34. Rb1
Kg8 35. Kg3 Rc2 36. Bd1 Rc1 37. Rxc1 Rxc1 38. Bxb3 Kf8 39. Kg4 h6 40. f4 exf4
41. Kxf4 Rg1 42. g4 Rf1+ 43. Ke5 Rf3 44. Ba4 Rxh3 45. Kd6 Ra3 46. Bc6 h5 47.
gxh5 gxh5 48. e5 h4 49. e6 Re3 50. Kd7 h3 51. d6 b5 52. e7+ Kf7 53. Bd5+ Kf6 54.
e8=Q Rxe8 55. Kxe8 Ke5 56. Bh1 Kxd6 57. Kf7 b4 58. Kf6 b3 0-1

[Event "Titled Tue 20th May Late"]
[Site "chess.com INT"]
[Date "2025.05.20"]
[Round "9"]
[White "Varriale, Luca"]
[Black "Thorhallsson, Simon"]
[Result "0-1"]
[BlackTitle "FM"]
[WhiteElo "2172"]
[BlackElo "2218"]
[WhiteFideId "882461"]
[BlackFideId "2310090"]
[EventDate "2025.05.20"]

1. Nf3 g6 2. c4 Bg7 3. Nc3 c5 4. g3 Nc6 5. Bg2 d6 6. O-O Bf5 7. b3 Qd7 8. Bb2
Bh3 9. e3 h5 10. d4 cxd4 11. Nb5 h4 12. Nbxd4 hxg3 13. fxg3 Bxg2 14. Kxg2 Qh3+
15. Kg1 Nxd4 16. Bxd4 e5 17. Bb2 Nf6 18. Qxd6 e4 19. Bxf6 Bxf6 20. Qxf6 exf3 21.
Rf2 O-O 22. Qxf3 b6 23. Rd1 Rae8 24. Qf4 Re7 25. Rd4 Qe6 26. e4 Rd7 27. Rfd2
Rxd4 28. Rxd4 Qe7 29. Qd6 Qg5 30. Qf4 Qa5 31. Qd2 Qe5 32. Kg2 Re8 33. Qd3 Kg7
34. h3 Re6 35. Qe3 Qc5 36. Rd3 Qa3 37. Qd4+ Rf6 38. e5 Re6 39. Rd2 Qe7 40. Re2
Kg8 41. Re4 f6 42. Rg4 fxe5 43. Qe4 Kg7 44. h4 Kh6 45. Rg5 Qf6 46. Qe3 Kh7 47.
Kh2 e4 48. h5 Qb2+ 49. Kh3 Qg7 50. hxg6+ Rxg6 51. Rh5+ Kg8 0-1

[Event "Titled Tue 20th May Late"]
[Site "chess.com INT"]
[Date "2025.05.20"]
[Round "9"]
[White "Vila Dupla, Aurelio"]
[Black "Gimeno Martos, Roberto"]
[Result "1-0"]
[WhiteTitle "FM"]
[BlackTitle "CM"]
[WhiteElo "2056"]
[BlackElo "2090"]
[WhiteFideId "2203383"]
[BlackFideId "2226804"]
[EventDate "2025.05.20"]

1. Nf3 g6 2. d4 Bg7 3. c4 d6 4. g3 Nf6 5. Bg2 O-O 6. O-O Nc6 7. Nc3 Bg4 8. h3
Bd7 9. d5 Ne5 10. Nxe5 dxe5 11. Qb3 Qc8 12. Kh2 Rb8 13. Be3 b6 14. a4 a5 15. Nb5
e6 16. Rac1 Qd8 17. Rfd1 exd5 18. cxd5 Ne8 19. Na7 Nd6 20. Nc6 Bxc6 21. Rxc6 Qe7
22. Rdc1 Rfc8 23. Qa3 Bf8 24. h4 Qd8 25. Bh3 Nf5 26. Qd3 Nxe3 27. Bxc8 Nf1+ 28.
Rxf1 Rxc8 29. Rfc1 Bd6 30. e4 Qf6 31. Kg2 h5 32. Qf3 Qe7 33. Qe3 Qf6 34. Qg5
Qxg5 35. hxg5 Rd8 36. Kf3 Rd7 37. Ke3 Bc5+ 38. R1xc5 bxc5 39. Rxc5 Kg7 40. Rxa5
c6 41. dxc6 Rc7 42. Rc5 f6 43. gxf6+ Kxf6 44. b4 Ke6 45. b5 Kd6 46. Rc1 Ke6 47.
b6 Rc8 48. c7 Ra8 49. b7 1-0

[Event "Titled Tue 20th May Late"]
[Site "chess.com INT"]
[Date "2025.05.20"]
[Round "9"]
[White "Anhwere, Bernard"]
[Black "Ferrara, Enzo"]
[Result "0-1"]
[WhiteTitle "CM"]
[WhiteElo "1906"]
[BlackElo "2138"]
[WhiteFideId "12600580"]
[BlackFideId "137731"]
[EventDate "2025.05.20"]

1. d4 f5 2. c4 Nf6 3. Nf3 g6 4. g3 Bg7 5. Bg2 O-O 6. O-O d6 7. Nc3 c6 8. Re1 Ne4
9. Nxe4 fxe4 10. Ng5 d5 11. cxd5 cxd5 12. Qb3 e6 13. Bh3 Qf6 14. Bf4 h6 15. Nxe4
dxe4 16. Rad1 Nc6 17. d5 e5 18. dxc6+ Kh7 19. Bxc8 Raxc8 20. cxb7 Rb8 21. Be3
Rf7 22. Qa3 Rbxb7 23. b3 Bf8 24. Qb2 Bb4 25. Rf1 Rbc7 26. Rd5 Bc3 27. Qa3 Qc6
28. Qd6 Qe8 29. Rfd1 Rc6 30. Qd8 Qe6 31. Qb8 Rc8 32. Qd6 Qf5 33. h4 Qg4 34. Rc1
Qxe2 35. Rc5 Bb4 36. Rxc8 Bxd6 37. R8c6 Ba3 38. Re6 Bxc1 39. Bxc1 Qd1+ 40. Kg2
Qxc1 41. Rxe5 Qc2 42. Kh3 Qxf2 0-1